|
|
|
|
| LEADER |
00000nab a2200000 ar4500 |
| 001 |
vtls009505975 |
| 003 |
SK-MaSNL |
| 005 |
20260303060931.0 |
| 008 |
090506c2009 xo br|p|||||||000 b|slo |
| 015 |
|
|
|a SNBRB2009/05
|2 snkbucl
|
| 038 |
|
|
|a SNKBUCL
|
| 040 |
|
|
|a SNKBUCL
|b slo
|c SNKBUCL
|e AACR2
|
| 041 |
0 |
|
|a slo
|
| 044 |
|
|
|a xo
|c SK
|
| 080 |
|
|
|a 334.012.46:340.13
|2 2001
|
| 080 |
|
|
|a 347.471
|2 2001
|
| 245 |
0 |
0 |
|a Právo neziskových organizácií
|
| 500 |
|
|
|a Pokračovanie v č. 2/2009 článkom Právna úprava podnikania a inej zárobkovej činnosti v rámci tretieho sektora
|
| 650 |
0 |
7 |
|a neziskový sektor
|2 snkbucl
|9 27057
|
| 650 |
0 |
7 |
|a neziskové organizácie
|2 snkbucl
|9 2670
|
| 650 |
0 |
7 |
|a neziskové právo
|2 snkbucl
|9 858218
|
| 650 |
0 |
7 |
|a zákonodarstvo
|2 snkbucl
|9 1153
|
| 773 |
0 |
|
|t Efekt
|g Roč. 7., č. 1 (2009), s. 24-25
|x 1336-3344
|
| 852 |
|
|
|a SNK
|b KIS3GCP
|
| 999 |
|
|
|c 1733498
|d 1735428
|